Statistiques concernant Équipe de France de rugby - Coupe du monde 2015

Cliquez ici pour prendre le quiz!

Statistiques générales

  • Ce quiz a été pris 71 fois
  • Le résultat moyen est 20 sur 32

Statistiques - réponses

PosteJoueurClub% Correct
Demi de mêléeMorgan ParraASM Clermont
91%
TalonneurGuilhem GuiradoRC Toulon
88%
Troisième Ligne CentreLouis PicamolesMontpellier HR
84%
CentreMathieu BastareaudRC Toulon
79%
PilierRabah SlimaniStade Français
78%
ArrièreScott SpeddingASM Clermont
76%
OuvreurFrédéric MichalakRC Toulon
74%
Troisième Ligne AileThierry DusautoirStade Toulousain
74%
CentreWesley FofanaASM Clermont
72%
AilierYoann HugetStade Toulousain
72%
ArrièreBrice DulinRacing 92
71%
Deuxième LigneYoann MaestriStade Toulousain
69%
PilierUini AtonioStade Rochelais
67%
Demi de mêléeRory KockottCastres Olympique
66%
Deuxième LignePascal PapéStade Français
62%
PilierNicolas MasMontpellier HR
60%
CentreGaël FickouStade Toulousain
59%
TalonneurDimitri SzarzewskiRacing 92
59%
PilierEddy Ben ArousRacing 92
55%
Troisième Ligne AileYannick NyangaRacing 92
53%
Troisième Ligne AileBernard Le RouxRacing 92
53%
Troisième Ligne AileFulgence OuedraogoMontpellier HR
53%
AilierNoa NakaitaciASM Clermont
52%
TalonneurBenjamin KayserASM Clermont
50%
Deuxième LigneAlexandre FlanquartStade Français
50%
Demi de mêléeSébastien Tillous-BordeRC Toulon
50%
AilierRémy GrossoCastres Olympique
45%
Troisième Ligne CentreDamien ChoulyASM Clermont
45%
AilierSofiane GuitouneUnion Bordeaux-Bègles
43%
PilierVincent DebatyASM Clermont
41%
OuvreurRémi TalèsRacing 92
41%
CentreAlexandre DumoulinRacing 92
29%

Distribution des résultats

Percentile par nombre de réponses

% des personnes avec chaque résultat

Votre développement - résultats

Vous n’avez pas pris ce quiz